000
00341nam a22001457a 4500
008
210507b ||||| |||| 00| 0 eng d
020
_a
047107943X
041
_a
eng
080
_2
3rd
_a
574
082
_a
574
100
_a
9
101
_a
MJE
245
_a
Patty's Industrial Hygiene and Toxicology
_c
George D. Clayton
942
_2
udc
_c
BK
999
_c
57097
_d
57097